| 000 | 00931cab a2200217 4500 | ||
|---|---|---|---|
| 001 | WB3221-36 | ||
| 008 | 090401t1996 xxu||||| |||| 00| 0 eng d | ||
| 035 | _a(Sirsi) u13985 | ||
| 041 | _aeng | ||
| 245 | _aPlanning permission | ||
| 260 | _c1996 | ||
| 350 | _a0 | ||
| 490 |
_aEstates Gazette Case Summaries _v[1996] EGCS 91, (1) (25/5/96) |
||
| 520 | _a"Orbit Development (Southern) Ltd v SoS Environment and another" QBD 9 May 1996. Application for planning permission on a site that had previously been granted outline consent, was denied despite appeal, as the details were inconsistent with outline plans, and development of the adjacent site now prohibited initial proposals. | ||
| 650 | _aORBIT DEVELOPMENT (SOUTHERN) LTD V SOS ENVIRONMENT AND ANOTHER | ||
| 650 | _aOUTLINE PLANNING PERMISSION | ||
| 650 | _aPLANNING PERMISSION | ||
| 690 | _aPLANNING LAW AND PRACTICE-CASE LAW | ||
| 942 | _n0 | ||
| 948 | _c04/03/1997 | ||
| 999 |
_c9049 _d9049 |
||